Premietnutie analýzy vývoja európskych integračných procesov do výučby na Ekonomickej univerzite v Bratislave

Metodika výučby predmetu "Európska únia" na Obchodnej fakulte Ekonomickej univerzity v Bratislave. Metodika výučby predmetu "Európske a medzinárodné právo".

Salvato in:
Dettagli Bibliografici
Autore principale: Báráňová-Čiderová, Denisa, 1977-
Altri autori: Mogyorosiová, Zuzana, 1975-
Natura: Capitolo di libro
Lingua:slovacco
Soggetti:
Tags: Aggiungi Tag
Nessun Tag, puoi essere il primo ad aggiungerne!!

MARC

LEADER 00000naa$a2200000$$$4500
001 0051940
005 20240502083136.3
041 0 |a slo 
044 |a CZ 
245 1 0 |a Premietnutie analýzy vývoja európskych integračných procesov do výučby na Ekonomickej univerzite v Bratislave  |c Denisa Báráňová-Čiderová, Zuzana Mogyorosiová 
520 |a Metodika výučby predmetu "Európska únia" na Obchodnej fakulte Ekonomickej univerzity v Bratislave. Metodika výučby predmetu "Európske a medzinárodné právo". 
610 2 0 |a výučba vedecká 
610 2 0 |a vyučovanie 
610 2 0 |a vzdelanie vysokoškolské 
610 2 0 |a Ekonomická univerzita v Bratislave 
610 2 0 |a integrácia ekonomická medzinárodná 
610 2 0 |a Európska únia 
610 2 0 |a právo európske 
610 2 0 |a právo obchodné 
100 1 |a Báráňová-Čiderová, Denisa, 1977- 
700 1 |a Mogyorosiová, Zuzana, 1975-